000
00278nam a2200121Ia 4500
100
_a
Rao/P.N./ Tewari/ N.K.
942
_c
BK
654
_a
Computer
245
_a
Computer aided Manufacturing
260
_b
Tata Mc Graw hill
_a
New Delhi
_c
1993
546
_a
ENGLISH
999
_c
30380
_d
30380